书目信息 |
| 书名: | The world since 1500 | |
| 作者: | [by] L. S. Stavrianos. | |
| 分册号: | ||
| 分册名: | 出版地: | Englewood Cliffs, N.J. : |
|
| 出版社: | Prentice-Hall | |
| 出版时间: | [1971]. | |
| 页数: | 683 p. : | |
| 开本: | 24 cm. | |
| 丛书名: | ||
| 中图分类号: | ||
| 科图分类号: | ||
| 其他分类号: | H319.4 | |
| 主题词: | ||
| 电子资源: | ||
| 000 | 00633nam 22000217n 450 9 | |
| 001 | 0299694921 | |
| 005 | 20070303100920.43 | |
| 008 | 710428m1971 u y aba b 001 0 | |
| 020 | @a0139681728. :@cCNY5.80. | |
| 041 | @aeng | |
| 050 | @aD208@b.S7 1971 | |
| 082 | 04 | @a901.93 |
| 090 | @aH319.4 | |
| 099 | @dH319.4@ex388:1 | |
| 100 | 1 | @aStavrianos@cLeften Stavros. |
| 245 | 10 | @aThe world since 1500 / @c[by] L. S. Stavrianos. |
| 250 | @a2nd ed. | |
| 260 | 1 | @aEnglewood Cliffs, N.J. :@bPrentice-Hall,@c[1971]. |
| 300 | @a683 p. :@billus., facsims., maps ;@c24 cm. | |
| 504 | @aIncludes bibliographies. | |
| 650 | 4 | @aHistory, Modern |
| The world since 1500 / / [by] L. S. Stavrianos.-2nd ed.-Englewood Cliffs, N.J. : : Prentice-Hall, , [1971]. |
| 683 p. : : illus., facsims., maps ; ; 24 cm. |
| Includes bibliographies. |
| ISBN 0139681728. :CNY5.80. |
| ● |
| 相关链接 |
|
|
|
|
正题名:The world since 1500
索取号:H319.4/x388:1
 
预约/预借
| 序号 | 登录号 | 条形码 | 馆藏地/架位号 | 状态 | 备注 |
| 1 | 49872 | 300177216 | 第四借阅区/ [索取号:H319.4/x388:1] | 在馆 |